| 000 | 00749nam a22001935i 4500 | ||
|---|---|---|---|
| 001 | 160498 | ||
| 003 | ES-MaACL | ||
| 005 | 20250830063109.0 | ||
| 008 | 990715s1837 sp |||| | spa d | ||
| 040 |
_aCCPB | B _bspa _cCCPB | B |
||
| 100 | 1 |
_aValencia, Ramón María Narváez, _cDuque de, _d1800-1868 _9130396 |
|
| 245 | 1 | 0 | _aD. Ramón María Narvaez, ex-comandante general de la división de vanguardia del ejercito de operaciones, al Congreso Nacional y al público. |
| 260 |
_a[S.l. : _bs.n., _c1837?] |
||
| 300 |
_a23 p., 10 h. ; _c19 cm. |
||
| 852 |
_aES-MaACL _jZ-1-F-1 _q-- Falto de la port. _xOlim: 1494-F-12 |
||
| 856 |
_uhttp://hdl.handle.net/10481/53375 _7Versión digital |
||
| 942 | _2udc | ||
| 999 |
_c160498 _d160498 |
||